000 00283nam a22001337a 4500
008 180104b xxu||||| |||| 00| 0 eng d
020 _a039757245X
041 _aeng
080 _a617
100 _a8
101 _aOFT
245 _aClinical Ophtolmology
_cTasman
942 _2udc
_cBK
999 _c39755
_d39755